Los Simpson : segunda temporada completa = The Simpsons : Season 2 /

Serie televisual animada, ideada por el caricaturista norteamericano Matt Groening y desarrollada después por éste con la colaboración de James L. Brooks y Sam Simon, que presenta un retrato mordaz y afectuoso a la vez de la familia y específicamente, de la familia norteamericana de clase media. La...

Täydet tiedot

Tallennettuna:
Bibliografiset tiedot
Päätekijä: Groening, Matt (idea original)
Muut tekijät: Brooks, James L. (producción ejecutiva) (producción ejecutiva), Groening, Matt (producción ejecutiva) (producción ejecutiva), Simon, Sam (producción ejecutiva) (producción ejecutiva), Silverman, David (realización) (realización), Stern, David (guión) (guión), Roberts, Brian K. (montaje) (montaje), Barrozo, Don (montaje) (montaje), Elfman, Danny (música) (música), Rubinstein, Arthur B. (música) (música), Castellaneta, Dan (voz) (voz), Kavner, Julie (voz) (voz), Cartwright, Nancy (voz) (voz), Moore, Rich (realización) (realización), Vitti, Jon (guión) (guión), Williams, Patrick (música) (música), Archer, Wesley (realización) (realización), Kogen, Jay (guión) (guión), Clausen, Alf (música) (música), Simon, Sam (guión) (guión), Swartzwelder, John (guión) (guión), Kirkland, Mark (realización) (realización), Levine, Ken (guión) (guión), Isaacs, David (guión) (guión), Martin, Jeff (guión) (guión), Colcord, Ray (música) (música)
Aineistotyyppi: Dia
Kieli:englanti
Julkaistu: EUA : Twentieth Century Fox, 1990, c1990
México : Twentieth Century Fox [distribución], 2003, c2003
Sarja:(Los Simpson. Temporada 2 ; 201, 202, 203, 204, 205, 206)
(The Simpsons. Season 2 ; 201, 202, 203, 204, 205, 206)
Aiheet:
Tagit: Lisää tagi
Ei tageja, Lisää ensimmäinen tagi!

MARC

LEADER 00000ngm^a2200000^a^4500
001 000183633
005 20250521000000.0
009 20260310102048.056
037 |a Acervo ITESO - Biblioteca 
041 |a ING 
082 |a 302. 2342230973  |b GRO S. 2 V. 201-206 
100 |a Groening, Matt  |e (idea original) 
240 1 5 |a [Los Simpson] 
240 1 5 |a [The Simpsons] 
240 1 5 |a [Los Simpson: segunda temporada completa] 
240 1 5 |a [The Simpsons: Season 2] 
245 1 4 |a Los Simpson :  |b segunda temporada completa = The Simpsons : Season 2 /  |c Idea original de M. Groening ; prod. ejecutiva de J.L. Brooks, M. Groening, S. Simon ; realización de D. Silverman... [et al.]. 
246 2 |a Título en la pantalla: Los Simpson: Bart reprueba 
246 2 |a Título en la pantalla: Los Simpson: el especial de brujas de los Simpsons 
246 2 |a Título en la pantalla: The Simpsons Halloween Special 
246 2 |a Título en la pantalla: Los Simpson: Homero el animador 
264 4 |a EUA :  |b Twentieth Century Fox,  |c 1990, c1990 
264 4 |a México :  |b Twentieth Century Fox [distribución],  |c 2003, c2003 
300 |a 1 DVD región 4  |c (23, 23, 23, 23, 23, 23 min.) 
336 |a imagen móvil bidimensional  |b tdi  |2 rdacontenido 
337 |a video  |b v  |2 rdamedio 
338 |a videodisco  |b vd  |2 rdasoporte 
440 5 |a (Los Simpson.  |p Temporada 2 ;  |v 201, 202, 203, 204, 205, 206) 
440 5 |a (The Simpsons.  |p Season 2 ;  |v 201, 202, 203, 204, 205, 206) 
520 |a Serie televisual animada, ideada por el caricaturista norteamericano Matt Groening y desarrollada después por éste con la colaboración de James L. Brooks y Sam Simon, que presenta un retrato mordaz y afectuoso a la vez de la familia y específicamente, de la familia norteamericana de clase media. La serie narra las desventuras y situaciones absurdas de los Simpson, una familia nuclear semidisfucional, típica y heterodoxa al mismo tiempo, que radica en la pequeña localidad de Springfield: el amoroso padre Homero, un hombre de nula capacidad intelectual que trabaja en una planta nuclear, y su pareja Marge, una especie de supermadre en ocasiones autoritaria, pero siempre responsable; el sagaz y cínico Bart, estudiante de cuarto grado que no está interesado en desarrollar su potencial y se enorgullece de ello, y Lisa, su brillante hermana de ocho años de edad que asume su vida con total seriedad; finalmente, Maggie, una bebé que seguido es olvidada y atestigua en silencio su disparatado entorno. Familiares, vecinos, amigos, íconos de la cultura popular norteamericana y la permanente presencia o referencia a los medios de comunicación, que son parodiados continuamente, toman parte en las hilarantes tramas. Un éxito de audiencia y de crítica, tanto en Estados Unidos como en otras naciones, la serie inició sus transmisiones en 1989 y ha recibido durante quince años consecutivas numerosas candidaturas y galardones en las entregas de los premios Emmy, de la Academia Norteamericana de Artes y Ciencias Televisuales. 
520 |a La presente colección de 4 DVD reúne las 22 emisiones de la segunda temporada, cada una de 23 minutos de duración, correspondiente al bienio 1990-1991 y que abarcan los capítulos comprendidos del número 201 al 222. El primer tomo de la colección contiene los episodios 201-206: Bart obtiene una "F" (también conocido como Bart reprueba, transmitido el 11 de octubre de 1990), Simpson y Dalila (18 de octubre de 1990), Especial de noche de brujas (24 de octubre de 1990), Dos autos en cada cochera y tres ojos en cada pez (1 de noviembre de 1990), Homero bailarín (también conocido como Homero el animador, 8 de noviembre de 1990) y La sociedad de los golfistas muertos (15 de noviembre de 1990). 
546 |a En inglés, con subtítulos opcionales: español, inglés, portugués 
546 |a Doblaje opcional: español, portugués 
649 |a XX 
650 |a Dibujos Animados 
650 |a Parodias 
650 |a Sátira 
650 |a Programas Cómicos 
650 |a Televisión -  |z EUA -  |y 1990-1999 
650 |a Televisión -  |z EUA -  |y Siglo XX 
650 |a Medios Audiovisuales -  |z EUA 
650 |a Medios de Comunicación -  |z EUA 
650 |a Comunicación Visual -  |z EUA 
650 |a Comunicación Masiva -  |z EUA 
650 |a Relaciones Familiares -  |z EUA 
650 |a Familia Nuclear -  |z EUA -  |x Condiciones Sociales y Culturales 
650 |a Familia -  |z EUA -  |x Condiciones Sociales y Culturales 
650 |a Clase Media -  |z EUA -  |x Condiciones Sociales y Culturales 
650 |a Recepción y Apropiación de la Comunicación -  |z EUA 
650 |a Cultura de Masas -  |z EUA -  |x Historia -  |y 1990-1999 
650 |a Cultura de Masas -  |z EUA -  |x Historia -  |y Siglo XX 
650 |a Cultura Popular -  |z EUA -  |x Historia -  |y 1990-1999 
650 |a Cultura Popular -  |z EUA -  |x Historia -  |y Siglo XX 
650 |a Sociedad Postindustrial -  |z EUA 
650 |a EUA -  |x Condiciones Sociales y Culturales 
650 |a Modernidad y Posmodernidad 
650 |a Sociología de la Comunicación 
650 |a Sociología de la Cultura 
740 4 |a Los Simpson :  |b Bart obtiene una “F” = The Simpsons : Bart Gets an F /  |c Idea original de M. Groening ; prod. ejecutiva de J.L. Brooks, M. Groening, S. Simon ; realización de D. Silverman. 
740 4 |a Los Simpson :  |b Simpson y Dalila = The Simpsons : Simpson and Delilah /  |c Idea original de M. Groening ; prod. ejecutiva de J.L. Brooks, M. Groening, S. Simon ; realización de R. Moore. 
740 4 |a Los Simpson :  |b especial de noche de brujas = The Simpsons : Treehouse of Horror /  |c Idea original de M. Groening ; prod. ejecutiva de J.L. Brooks, M. Groening, S. Simon ; realización de W. Archer, R. Moore, D. Silverman. 
740 4 |a Los Simpson :  |b dos autos en cada cochera y tres ojos en cada pez = The Simpsons : Two Cars in Every Garage and Three Eyes on Every Fish /  |c Idea original de M. Groening ; prod. ejecutiva de J.L. Brooks, M. Groening, S. Simon ; realización de W. Archer. 
740 4 |a Los Simpson :  |b Homero bailarín = The Simpsons : Dancin’ Homer /  |c Idea original de M. Groening ; prod. ejecutiva de J.L. Brooks, M. Groening, S. Simon ; realización de M. Kirkland. 
740 4 |a Los Simpson :  |b la sociedad de los golfistas muertos = The Simpsons : Dead Putting Society /  |c Idea original de M. Groening ; prod. ejecutiva de J.L. Brooks, M. Groening, S. Simon ; realización de R. Moore. 
700 |a Brooks, James L.  |e (producción ejecutiva) 
700 |a Groening, Matt  |e (producción ejecutiva) 
700 |a Simon, Sam  |e (producción ejecutiva) 
700 |a Silverman, David  |e (realización) 
700 |a Stern, David  |e (guión) 
700 |a Roberts, Brian K.  |e (montaje) 
700 |a Barrozo, Don  |e (montaje) 
700 |a Elfman, Danny  |e (música) 
700 |a Rubinstein, Arthur B.  |e (música) 
700 |a Castellaneta, Dan  |e (voz) 
700 |a Kavner, Julie  |e (voz) 
700 |a Cartwright, Nancy  |e (voz) 
700 |a Moore, Rich  |e (realización) 
700 |a Vitti, Jon  |e (guión) 
700 |a Williams, Patrick  |e (música) 
700 |a Archer, Wesley  |e (realización) 
700 |a Kogen, Jay  |e (guión) 
700 |a Clausen, Alf  |e (música) 
700 |a Simon, Sam  |e (guión) 
700 |a Swartzwelder, John  |e (guión) 
700 |a Kirkland, Mark  |e (realización) 
700 |a Levine, Ken  |e (guión) 
700 |a Isaacs, David  |e (guión) 
700 |a Martin, Jeff  |e (guión) 
700 |a Colcord, Ray  |e (música) 
910 |a Fondo General 
920 |a Audiovisuales - DVDs 
905 |a 302 
901 |a 0500088655  |b IT2  |c DVS  |u 20250521 
902 |a https://opac.biblio.iteso.mx/vufind/Record/000183633